[Event "BRA-ch U16"]
[Site "Itajai"]
[Date "2016.06.11"]
[Round "4"]
[White "Schmidt, Guilherme Machado L"]
[Black "Tanide, Gabriel Masaharu"]
[Result "1/2-1/2"]
[WhiteElo "1584"]
[BlackElo "1522"]
[PlyCount "141"]
[EventDate "2016.06.09"]
[EventType "swiss"]
[EventRounds "6"]
[EventCountry "BRA"]
[SourceTitle "CBM 172 Extra"]
[Source "ChessBase"]
[SourceDate "2016.06.21"]
[SourceVersion "1"]
[SourceVersionDate "2016.06.21"]
[SourceQuality "1"]

1. d4 d5 2. Nf3 Bf5 3. Bf4 Nf6 4. e3 Nh5 5. Bg3 Nxg3 6. fxg3 e6 7. Bd3 Bg6 8. 0-0 Nd7 9. Bxg6 hxg6 10. Nbd2 Bd6 11. e4 c6 12. e5 Bc7 13. Nb3 g5 14. Qd2 f6 15. exf6 gxf6 16. Rae1 e5 17. dxe5 Nxe5 18. Nfd4 Bb6 19. Kh1 Kd7 20. h3 Rh7 21. Qf2 Qh8 22. Qf5+ Kc7 23. Ne6+ Kd6 24. Ned4 Rf8 25. c3 g4 26. Kh2 Rxh3+ 27. Kg1 Rxg3 28. Re2 Rc8 29. Qxf6+ Qxf6 30. Rxf6+ Ke7 31. Re6+ Kf7 32. R6xe5 Rd3 33. R5e3 Rd1+ 34. Re1 Rxe1+ 35. Rxe1 g3 36. Re3 Rg8 37. Nd2 Kf6 38. Rf3+ Ke5 39. Rf5+ Kd6 40. Rf6+ Ke5 41. Re6+ Kf4 42. N2f3 Rg7 43. Kf1 Bxd4 44. cxd4 Kf5 45. Re5+ Kf6 46. Ke2 b6 47. Kd3 a6 48. Nh4 Rg4 49. Nf3 Rg8 50. Re3 c5 51. dxc5 bxc5 52. b3 a5 53. Re5 Rd8 54. Rg5 a4 55. bxa4 Ra8 56. Rxd5 Rxa4 57. Rxc5 Rxa2 58. Rc2 Ra3+ 59. Ke2 Kf5 60. Nd2 Kf4 61. Rc4+ Kf5 62. Ne4 Kf4 63. Nd2+ Kf5 64. Re4 Ra2 65. Re3 Kf4 66. Rf3+ Kg4 67. Rb3 Kf4 68. Kd3 Ra4 69. Kc2 Ra2+ 70. Rb2 Rxb2+ 71. Kxb2 1/2-1/2